Asian Countries with Poor Relations with Their Neighbours - Statistics

General Stats
  • This quiz has been taken 167 times
  • The average score is 17 of 19
Answer Stats
Hint Country Neighbours with Poor Relations % Correct
Sunni-Shia proxy conflicts, territorial disputes Iran Saudi Arabia, Bahrain
99%
Historical conflicts and territorial disputes, border skirmishes India Pakistan, China
98%
Historical conflicts and territorial disputes, exporting terrorism Pakistan India, Afghanistan
98%
Territorial and maritime disputes, border conflicts, historical hostility, human rights issues, economic and geopolitical expansionism China Japan, Taiwan, South Korea, North Korea, India, Bhutan, Vietnam, Philippines
97%
Zionism, occupied territories, war against Hamas Israel Palestine, Lebanon, Syria, Saudi Arabia
97%
World War II atrocities, historical revisionism, territorial disputes, military expansionism and imperialism Japan China, North Korea, South Korea, Russia
97%
At state of war, nuclear and missile tests, human rights abuses, international sanctions, autocratic government North Korea South Korea, Japan, China, Russia
97%
Anti-Zionism, past occupation and territorial dispute, involvement in civil war, refugee crisis Syria Israel, Turkey, Lebanon
97%
Past invasion, Sunni-Shia proxy conflicts Iraq Kuwait, Saudi Arabia
96%
Border dispute, importation of terrorism, closed border Afghanistan Pakistan, Uzbekistan
92%
Anti-Zionism, Sunni-Shia proxy conflicts, air strikes and maritime blockade Saudi Arabia Israel, Iran, Qatar, Yemen, Iraq
91%
At state of war, anti-missile deployment, territorial disputes, colonial past including comfort women issues South Korea North Korea, Japan, China
90%
Anti-Zionism, past occupation and civil war, border conflicts, influx of refugees Lebanon Israel, Syria
89%
Historical hostility, territorial disputes, involvement in civil war Turkey Syria, Armenia, Greece, Cyprus
86%
Accused of ethnic cleansing, border conflicts Myanmar Bangladesh, Thailand, China
85%
Accused of supporting Muslim Brotherhood, Arab uprising and terrorism, territorial dispute, Al Jazeera Qatar Saudi Arabia, Bahrain, UAE
85%
Nagorno-Karabakh, past genocide Armenia Azerbaijan, Turkey
84%
Energy conflicts, past engagement in civil war, closed border Uzbekistan Tajikistan, Kyrgyzstan, Afghanistan
59%
Historical hostilities, border dispute Cambodia Vietnam, Thailand
56%
No matching quizzes found
Score Distribution
Percent of People with Each Score
Percentile by Number Answered
Your Score History
You have not taken this quiz